000 00818nam a2200229 a 4500
001 55603
003 BD-RjUL
005 20211209080304.0
008 161120s1965 bg ||||| |||| 00| 0 ben d
020 _c: TK 2.25
035 _a(BD-RjUL)55726
040 _aBD-RjUL
_bben
_cBD-RjUL
041 _aben
082 _223
_a909
_bCHK 1965
100 _aচৌধুরী, মোতাহার হোসেন
_9127512
245 1 0 _aক্লাইভ বেল অবলম্বনে সভ্যতা /
_cমোতাহার হোসেন চৌধুরী
260 _aঢাকা :
_bবাংলা একাডেমী,
_c১৯৬৫
300 _a১০৯ পৃ. ;
_c২১ সেমি .
650 _aসভ্যতা
_9165646
650 _aCivilization
_9165647
942 _2ddc
_cBK
999 _c55603
_d55603